Kỹ thuật sản xuất giống và nuôi ba ba gai

Sách giới thiệu một số đặc điểm sinh học, kỹ thuật nuôi ba ba thương phẩm và một số biện pháp phòng và trị bệnh thường gặp ở ba ba.

保存先:
書誌詳細
共著者: Bộ Thủy sản, Trung tâm Khuyến ngư Quốc gia
フォーマット: 図書
言語:Undetermined
出版事項: Hà Nội Nông nghiệp 2005
主題:
タグ: タグ追加
タグなし, このレコードへの初めてのタグを付けませんか!
Thư viện lưu trữ: Trung tâm Học liệu Trường Đại học Cần Thơ
LEADER 00865nam a2200205Ia 4500
001 CTU_147715
008 210402s9999 xx 000 0 und d
082 |a 639.37 
082 |b Tr513 
110 |a Bộ Thủy sản 
110 |b Trung tâm Khuyến ngư Quốc gia 
245 0 |a Kỹ thuật sản xuất giống và nuôi ba ba gai 
245 0 |c Bộ Thủy sản. Trung tâm Khuyến ngư Quốc gia 
260 |a Hà Nội 
260 |b Nông nghiệp 
260 |c 2005 
520 |a Sách giới thiệu một số đặc điểm sinh học, kỹ thuật nuôi ba ba thương phẩm và một số biện pháp phòng và trị bệnh thường gặp ở ba ba. 
650 |a Turtle culture,Fish culture 
904 |i Giang 
980 |a Trung tâm Học liệu Trường Đại học Cần Thơ